Statistics for Top 10 Biggest Cities In Pennsylvania

Click here to take the quiz!

General Stats

  • This quiz has been taken 17 times
  • The average score is 5 of 10

Answer Stats

HintAnswer% Correct
1,603,797Philadelphia
100%
302,971Pittsburgh
100%
125,845Allentown
82%
94,831Erie
71%
76,328Scranton
71%
95,112Reading
41%
85,681Upper Darby
12%
58,502Abington
6%
62,707Bensalem
6%
63,633Lower Merion
6%

Score Distribution

Percentile by Number Answered

Percent of People with Each Score

Your Score History

You have not taken this quiz